[Event "Bayern-chTT (LL Sued)"]
[Site "Bayern 2008/09"]
[Date "2009.02.01"]
[Round "6.8"]
[White "Shahin, Walid"]
[Black "Zivkovic, Djordje"]
[Result "1-0"]
[WhiteElo "2002"]
[BlackElo "1857"]
[PlyCount "121"]
[EventDate "2009.03.??"]
[EventType "team-tourn"]
[EventRounds "9"]
[WhiteTeam "Weilheim 1"]
[BlackTeam "München-Bayern 3"]

1. d4 Nf6 2. Nf3 g6 3. Bf4 Bg7 4. e3 d5 5. Bd3 O-O 6. Nbd2 c5 7. c3 cxd4 8.
exd4 Nc6 9. h3 Re8 10. O-O Nh5 11. Bh2 e5 12. dxe5 Nxe5 13. Nxe5 Bxe5 14. Bxe5
Rxe5 15. Nf3 Re7 16. Qd2 Be6 17. Rfe1 Kg7 18. Re5 Nf6 19. Rae1 Qc7 20. Ng5 Rae8
21. Bb5 Nd7 22. Bxd7 Qxd7 23. Qd4 Kg8 24. Qh4 f6 25. Rxe6 Rxe6 26. Nxe6 Rxe6
27. Rxe6 Qxe6 28. Qd4 b6 29. a4 Qe1+ 30. Kh2 Qe5+ 31. Qxe5 fxe5 32. Kg3 Kf7 33.
Kf3 Ke6 34. Ke3 a6 35. Kd3 b5 36. axb5 axb5 37. b3 g5 38. g3 Kd6 39. c4 Kc5 40.
cxd5 Kxd5 41. b4 e4+ 42. Ke3 Kc4 43. Kxe4 Kxb4 44. f4 Kc4 45. f5 b4 46. Ke3 Kd5
47. Kd3 h5 48. g4 h4 49. Kc2 Ke5 50. Kb3 Kf4 51. f6 Kg3 52. f7 Kxh3 53. f8=Q
Kxg4 54. Qf1 h3 55. Kxb4 Kg3 56. Qg1+ Kf3 57. Kc4 g4 58. Kd3 g3 59. Qf1+ Kg4
60. Ke3 g2 61. Qf4+ 1-0

[Event "Bayern-chTT (LL Sued)"]
[Site "Bayern 2008/09"]
[Date "2009.02.01"]
[Round "6.1"]
[White "Bredl, Harald"]
[Black "Krulich, Roman"]
[Result "1-0"]
[WhiteElo "2310"]
[BlackElo "2201"]
[PlyCount "101"]
[EventDate "2009.03.??"]
[EventType "team-tourn"]
[EventRounds "9"]
[WhiteTeam "Garching 1"]
[BlackTeam "Zugzwang-82 /1"]

1. d4 d5 2. Nc3 Nf6 3. Bg5 Nbd7 4. Qd3 g6 5. f3 Bg7 6. e4 dxe4 7. fxe4 h6 8.
Bh4 O-O 9. e5 Nh5 10. e6 Nf4 11. exf7+ Rxf7 12. Qd2 Nb6 13. O-O-O Be6 14. Nf3
Qd6 15. Bg3 g5 16. b3 Qa3+ 17. Kb1 c6 18. h4 Nfd5 19. hxg5 Nxc3+ 20. Qxc3 Na4
21. Qa1 Rxf3 22. gxf3 hxg5 23. Bd3 c5 24. bxa4 Bxd4 25. Bh7+ Kf8 26. Rxd4 cxd4
27. Be4 Rd8 28. Qb2 Qxa4 29. Rh8+ Bg8 30. Bh7 Kg7 31. Bxg8 Rxg8 32. Rxg8+ Kxg8
33. Qxb7 Kf8 34. Qb8+ Kg7 35. Qe5+ Kg6 36. Qe6+ Kh5 37. Qg4+ Kg6 38. Qe4+ Kh6
39. Be1 Qb5+ 40. Kc1 e5 41. Bd2 Qf1+ 42. Qe1 Qxe1+ 43. Bxe1 Kg6 44. Bg3 Kf5 45.
Kd2 e4 46. fxe4+ Kxe4 47. Bb8 a6 48. Ke2 g4 49. Bc7 Kd5 50. Kd3 a5 51. Bxa5 1-0

[Event "Bayern-chTT (LL Sued)"]
[Site "Bayern 2008/09"]
[Date "2009.02.01"]
[Round "6.2"]
[White "Bonacci, Mauro"]
[Black "Schmitz, Thorsten(74)"]
[Result "0-1"]
[WhiteElo "2127"]
[BlackElo "2266"]
[PlyCount "40"]
[EventDate "2009.03.??"]
[EventType "team-tourn"]
[EventRounds "9"]
[WhiteTeam "Zugzwang-82 /1"]
[BlackTeam "Garching 1"]

1. e4 e5 2. Nf3 Nc6 3. Bb5 Nf6 4. O-O Nxe4 5. d4 Nd6 6. Bxc6 dxc6 7. dxe5 Nf5
8. Qxd8+ Kxd8 9. Bg5+ Ke8 10. h3 h6 11. Bf4 Be6 12. Nbd2 Rd8 13. g4 Ne7 14. Nb3
Ng6 15. Bg3 c5 16. Rfd1 Be7 17. Rxd8+ Kxd8 18. Kh2 h5 19. gxh5 Rxh5 20. Ng1
Nxe5 0-1

[Event "Bayern-chTT (LL Sued)"]
[Site "Bayern 2008/09"]
[Date "2009.02.01"]
[Round "6.3"]
[White "Pitschka, Claus"]
[Black "Beckers, Thomas"]
[Result "1-0"]
[WhiteElo "2241"]
[BlackElo "2000"]
[PlyCount "89"]
[EventDate "2009.03.??"]
[EventType "team-tourn"]
[EventRounds "9"]
[WhiteTeam "Garching 1"]
[BlackTeam "Zugzwang-82 /1"]

1. d4 f5 2. Nc3 Nf6 3. Bg5 d5 4. f3 Nc6 5. e3 e6 6. a3 a6 7. Nh3 Be7 8. Be2 O-O
9. Qd2 Kh8 10. Nf4 b5 11. O-O Ng8 12. Bxe7 Ngxe7 13. Rad1 g5 14. Nd3 Ng6 15.
Na2 Bd7 16. Nab4 a5 17. Nxc6 Bxc6 18. Qc3 Be8 19. Nc5 Qd6 20. Rfe1 c6 21. e4
Nf4 22. exf5 exf5 23. Bf1 Rf6 24. Nb7 Qc7 25. Nxa5 Rh6 26. g3 Bh5 27. Nb3 g4
28. Qe3 Rg8 29. gxf4 gxf3+ 30. Kh1 f2 31. Qxf2 Bxd1 32. Rxd1 Rg4 33. Qe3 Qxf4
34. Qxf4 Rxf4 35. Bg2 Rf2 36. Rd2 Rxd2 37. Nxd2 Re6 38. Bf1 Re1 39. Kg1 Rd1 40.
Nf3 Rb1 41. b4 Ra1 42. Ne5 Rxa3 43. Bd3 f4 44. Nxc6 Kg7 45. Ne7 1-0

[Event "Bayern-chTT (LL Sued)"]
[Site "Bayern 2008/09"]
[Date "2009.02.01"]
[Round "6.4"]
[White "Brychcy, Felix"]
[Black "Schleich, Markus"]
[Result "1/2-1/2"]
[WhiteElo "2051"]
[BlackElo "2203"]
[PlyCount "99"]
[EventDate "2009.03.??"]
[EventType "team-tourn"]
[EventRounds "9"]
[WhiteTeam "Zugzwang-82 /1"]
[BlackTeam "Garching 1"]

1. e4 c5 2. Nf3 Nc6 3. Bb5 e6 4. Bxc6 bxc6 5. d3 f6 6. O-O Ne7 7. Nh4 g6 8. f4
d6 9. b3 Bg7 10. Bb2 O-O 11. Nf3 e5 12. fxe5 fxe5 13. Bc1 h6 14. Be3 Kh7 15.
Nbd2 Ng8 16. h3 Nf6 17. Qe1 Nh5 18. Kh2 Nf4 19. Ng1 Qe7 20. g3 Ne6 21. Rxf8
Bxf8 22. Qd1 Bg7 23. Ndf3 Bd7 24. Kg2 Rf8 25. c3 Bc8 26. Qe2 Ba6 27. Rd1 Bc8
28. Rf1 Qc7 29. Nh2 Qa5 30. Rxf8 Nxf8 31. Qc2 Ne6 32. Nhf3 Ba6 33. c4 Bc8 34.
Bd2 Qc7 35. Qc3 Qe7 36. Qc1 Qd7 37. Qf1 d5 38. Qf2 dxe4 39. dxe4 Qd3 40. Qe2
Qb1 41. Bc3 Nd4 42. Bxd4 cxd4 43. Ne1 a5 44. Ngf3 a4 45. Qc2 Qa1 46. g4 axb3
47. axb3 Qa3 48. Nd3 Qe7 49. Qd2 Qa3 50. Qb4 1/2-1/2

[Event "Bayern-chTT (LL Sued)"]
[Site "Bayern 2008/09"]
[Date "2009.02.01"]
[Round "6.5"]
[White "Schoellmann, Jochen"]
[Black "Callenberg, Ralf"]
[Result "1-0"]
[WhiteElo "2191"]
[BlackElo "1996"]
[PlyCount "169"]
[EventDate "2009.03.??"]
[EventType "team-tourn"]
[EventRounds "9"]
[WhiteTeam "Garching 1"]
[BlackTeam "Zugzwang-82 /1"]

1. e4 c5 2. c3 d6 3. d4 Nf6 4. Bd3 Nc6 5. d5 Ne5 6. Bc2 g6 7. f4 Ned7 8. Nf3
Nb6 9. Qe2 Bg7 10. c4 O-O 11. O-O e6 12. Bd3 Re8 13. Qc2 exd5 14. exd5 Ng4 15.
Nc3 Ne3 16. Bxe3 Rxe3 17. Rae1 Rxe1 18. Rxe1 Bg4 19. Ng5 Qf6 20. Qf2 Bf5 21.
Bf1 Qd4 22. Nb5 Qf6 23. Nc7 Rd8 24. Ne8 Qxb2 25. Nxg7 Qxf2+ 26. Kxf2 Kxg7 27.
h3 h6 28. Nf3 Kf8 29. Re3 Re8 30. Ra3 Nc8 31. g4 Bd7 32. Nd2 f5 33. Bd3 Kg7 34.
gxf5 Bxf5 35. Bxf5 gxf5 36. Rg3+ Kf7 37. a4 Ne7 38. Rb3 b6 39. a5 Nc8 40. Rb1
bxa5 41. Ra1 Re7 42. Rxa5 Rb7 43. Ra6 Rb2 44. Ke1 Ke8 45. Ra3 Rb7 46. Kf2 Nb6
47. Rg3 Kf7 48. h4 Nd7 49. h5 Nf6 50. Rg6 Rb6 51. Kf3 Ng4 52. Nf1 a5 53. Ng3
Rb3+ 54. Kg2 Rb2+ 55. Kh1 a4 56. Nxf5 a3 57. Rxg4 a2 58. Nxh6+ Ke8 59. Rg8+ Ke7
60. Rg7+ Kd8 61. Rg8+ Kc7 62. Ra8 Kd7 63. Nf7 Ke7 64. h6 Kxf7 65. h7 Rb8 66.
Rxa2 Rh8 67. Rh2 Kg6 68. Kg2 Rxh7 69. Rxh7 Kxh7 70. Kg3 Kg7 71. f5 Kf7 72. Kg4
Kf8 73. Kg5 Kg7 74. f6+ Kf8 75. Kf5 Kf7 76. Kg5 Kf8 77. f7 Kxf7 78. Kf5 Ke7 79.
Kg6 Ke8 80. Kf6 Kd7 81. Kf7 Kd8 82. Ke6 Kc7 83. Ke7 Kc8 84. Kxd6 Kd8 85. Kxc5
1-0

[Event "Bayern-chTT (LL Sued)"]
[Site "Bayern 2008/09"]
[Date "2009.02.01"]
[Round "6.6"]
[White "Pronold, Helmut"]
[Black "Wiegner, Denis"]
[Result "1/2-1/2"]
[WhiteElo "1953"]
[BlackElo "2188"]
[PlyCount "109"]
[EventDate "2009.03.??"]
[EventType "team-tourn"]
[EventRounds "9"]
[WhiteTeam "Zugzwang-82 /1"]
[BlackTeam "Garching 1"]

1. Nf3 d5 2. c4 e6 3. b3 Nf6 4. Bb2 Be7 5. d3 O-O 6. Nbd2 b6 7. cxd5 exd5 8. g3
c5 9. Bg2 Be6 10. O-O Nbd7 11. e4 Rc8 12. Rc1 d4 13. h3 Ne8 14. Qe2 f5 15. exf5
Bxf5 16. Nxd4 cxd4 17. Rxc8 Qxc8 18. Qxe7 Nef6 19. Rc1 Qa6 20. Bxd4 Re8 21. Qb4
Bxd3 22. a4 h6 23. Nc4 Rc8 24. Rc3 Be4 25. Nd6 Rxc3 26. Qxc3 Bxg2 27. Kxg2 Qe2
28. a5 Qe6 29. Qc4 Nd5 30. Qc8+ Kh7 31. Qc2+ Kg8 32. Nf5 N7f6 33. axb6 axb6 34.
Bxf6 Nxf6 35. Qd3 Nd7 36. b4 Qc6+ 37. f3 Qe6 38. g4 Nf8 39. Kg3 Qe1+ 40. Kg2
Qxb4 41. Qd5+ Kh7 42. Qf7 Qd2+ 43. Kg1 Qe1+ 44. Kg2 Ne6 45. Ne7 Nf4+ 46. Qxf4
Qxe7 47. Qf5+ g6 48. Qb5 Qd6 49. h4 Kg7 50. Qe8 Qc5 51. Qd7+ Kf6 52. Qd8+ Kf7
53. Qd7+ Qe7 54. Qc6 Qc5 55. Qd7+ 1/2-1/2

[Event "Bayern-chTT (LL Sued)"]
[Site "Bayern 2008/09"]
[Date "2009.02.01"]
[Round "6.7"]
[White "Nuessel, Georg"]
[Black "Garbotz, Julian"]
[Result "1-0"]
[WhiteElo "2136"]
[BlackElo "1841"]
[PlyCount "81"]
[EventDate "2009.03.??"]
[EventType "team-tourn"]
[EventRounds "9"]
[WhiteTeam "Garching 1"]
[BlackTeam "Zugzwang-82 /1"]

1. c4 c5 2. Nc3 Nf6 3. g3 d5 4. cxd5 Nxd5 5. Bg2 e6 6. Nxd5 exd5 7. Qb3 d4 8.
Bxb7 Bxb7 9. Qxb7 Nd7 10. Nf3 Bd6 11. Qd5 Nb6 12. Qe4+ Qe7 13. Qxe7+ Bxe7 14.
e4 d3 15. b3 Bf6 16. e5 Be7 17. Ba3 O-O 18. Rc1 Rac8 19. Rc3 Rfd8 20. O-O Rd5
21. Re1 Kf8 22. Re3 c4 23. Bxe7+ Kxe7 24. bxc4 Rxc4 25. Rexd3 Rxd3 26. Rxd3 Ra4
27. a3 Nc4 28. Rd4 Rxa3 29. Rxc4 Rxf3 30. Rc7+ Ke6 31. Rxa7 Kxe5 32. Kg2 Rf6
33. f4+ Ke4 34. Rd7 g6 35. Re7+ Kd3 36. Kf3 Kxd2 37. Rd7+ Kc3 38. g4 Kc4 39. f5
h6 40. Ke4 gxf5+ 41. gxf5 1-0

[Event "Bayern-chTT (LL Sued)"]
[Site "Bayern 2008/09"]
[Date "2009.02.01"]
[Round "6.8"]
[White "Wachelka, Artur"]
[Black "Schlinkmeier, Karsten"]
[Result "1/2-1/2"]
[WhiteElo "1826"]
[BlackElo "2115"]
[PlyCount "85"]
[EventDate "2009.03.??"]
[EventType "team-tourn"]
[EventRounds "9"]
[WhiteTeam "Zugzwang-82 /1"]
[BlackTeam "Garching 1"]

1. d4 d5 2. c4 c6 3. Nc3 Nf6 4. Nf3 dxc4 5. a4 Bg4 6. Ne5 Bh5 7. g3 Na6 8. Bg2
Nb4 9. O-O a5 10. Nxc4 e6 11. Qb3 Be7 12. Rd1 O-O 13. Kh1 Nd7 14. f3 f6 15. Na2
Bf7 16. Nxb4 Bxb4 17. Qc2 Nb6 18. Nxb6 Qxb6 19. Be3 Rfd8 20. Bg1 Qc7 21. e4 h5
22. Bf1 Rac8 23. Rac1 h4 24. g4 Bd6 25. h3 Bf4 26. Ra1 Qe7 27. Qc5 Qxc5 28.
dxc5 Bd2 29. Ra3 e5 30. Rd3 Rxd3 31. Bxd3 Bb4 32. Bc2 Be6 33. Kg2 Kf7 34. Be3
Ke7 35. Kf2 g6 36. Ke2 Bc4+ 37. Kf2 Rf8 38. Rd6 g5 39. b3 Be6 40. Ke2 Rc8 41.
Rd1 Rb8 42. Rb1 Kd7 43. Bd3 1/2-1/2

[Event "Bayern-chTT (LL Sued)"]
[Site "Bayern 2008/09"]
[Date "2009.02.01"]
[Round "6.2"]
[White "Webersberger, Johann(82)"]
[Black "Nuber, Korbinian"]
[Result "1/2-1/2"]
[WhiteElo "2228"]
[BlackElo "2131"]
[PlyCount "96"]
[EventDate "2009.03.??"]
[EventType "team-tourn"]
[EventRounds "9"]
[WhiteTeam "Rottal 1"]
[BlackTeam "Dillingen 1"]

1. d4 Nf6 2. c4 g6 3. g3 Bg7 4. Bg2 d6 5. Nf3 O-O 6. O-O Nbd7 7. Nc3 c6 8. e4
e5 9. Re1 Re8 10. d5 c5 11. h3 a6 12. a4 a5 13. Bd2 h6 14. Qc1 Kh7 15. Nh2 Ng8
16. Nb5 Nf8 17. f4 b6 18. Nf3 f6 19. Nc3 Qe7 20. Qc2 g5 21. Nd1 Ng6 22. fxg5
fxg5 23. Ne3 Rf8 24. Nh2 Nf6 25. Nf5 Bxf5 26. exf5 Nh8 27. Ng4 Kg8 28. Nf2 Nf7
29. Be4 Kh8 30. g4 h5 31. Ra3 h4 32. Rb3 Rab8 33. Rb5 Rb7 34. Qc1 Bh6 35. Re3
Rfb8 36. Nd3 Ne8 37. Rb3 Bg7 38. Ne1 Bf6 39. Nf3 Nc7 40. Re1 Na6 41. Kf2 Nb4
42. Rg1 Rg8 43. Ra3 Ra7 44. Ke2 Rc7 45. Ra1 Rcc8 46. Rg2 Rg7 47. Qc3 Rcg8 48.
Rag1 Qd8 1/2-1/2

[Event "Bayern-chTT (LL Sued)"]
[Site "Bayern 2008/09"]
[Date "2009.02.01"]
[Round "6.3"]
[White "Billing, Christian"]
[Black "Bensch, Patrick"]
[Result "1-0"]
[WhiteElo "2180"]
[BlackElo "2158"]
[PlyCount "69"]
[EventDate "2009.03.??"]
[EventType "team-tourn"]
[EventRounds "9"]
[WhiteTeam "Dillingen 1"]
[BlackTeam "Rottal 1"]

1. e4 c5 2. d3 Nc6 3. g3 g6 4. Bg2 Bg7 5. Ne2 d6 6. O-O e6 7. c3 Nge7 8. Be3
O-O 9. d4 cxd4 10. Nxd4 d5 11. exd5 Nxd5 12. Nxc6 bxc6 13. Bc5 Re8 14. Nd2 Qc7
15. Qa4 Bb7 16. Rad1 a5 17. Rfe1 Red8 18. Ne4 Ba6 19. c4 Nb4 20. Bd6 Qb6 21.
Bf1 f5 22. c5 Qb7 23. Ng5 Bxf1 24. Qb3 Bc4 25. Qxc4 Nd5 26. Nxe6 Re8 27. Nc7
Rxe1+ 28. Rxe1 Rc8 29. Nxd5 cxd5 30. Qa4 Bxb2 31. Re8+ Kf7 32. Re7+ Qxe7 33.
Bxe7 Kxe7 34. Qxa5 d4 35. Qa7+ 1-0

[Event "Bayern-chTT (LL Sued)"]
[Site "Bayern 2008/09"]
[Date "2009.02.01"]
[Round "6.4"]
[White "Wagner, Hans(59)"]
[Black "Baeuml, Ulrich"]
[Result "1-0"]
[WhiteElo "2116"]
[BlackElo "2046"]
[PlyCount "85"]
[EventDate "2009.03.??"]
[EventType "team-tourn"]
[EventRounds "9"]
[WhiteTeam "Rottal 1"]
[BlackTeam "Dillingen 1"]

1. Nf3 c5 2. b3 Nf6 3. Bb2 e6 4. e3 Be7 5. d4 b6 6. Nbd2 Bb7 7. Bd3 O-O 8. O-O
d6 9. Qe2 Nc6 10. c3 Re8 11. Rac1 Bf8 12. Rfd1 Qe7 13. dxc5 dxc5 14. c4 Rad8
15. Ne5 Nxe5 16. Bxe5 Nd7 17. Bb2 Qh4 18. g3 Qh3 19. Be4 Bxe4 20. Nxe4 Qf5 21.
Nd2 Be7 22. f4 Nf6 23. e4 Qh3 24. Bxf6 Bxf6 25. e5 Be7 26. Nf3 h5 27. Rc2 h4
28. Kf2 g5 29. Rcd2 Rxd2 30. Rxd2 gxf4 31. gxf4 Qf5 32. Ke3 h3 33. Qd3 Qh5 34.
Qe4 Kf8 35. Rd7 a5 36. Qc6 Qf5 37. Qxb6 Qb1 38. Qxa5 f5 39. exf6 Bxf6 40. Qxc5+
Be7 41. Qe5 Qc1+ 42. Kf2 Qc2+ 43. Rd2 1-0

[Event "Bayern-chTT (LL Sued)"]
[Site "Bayern 2008/09"]
[Date "2009.02.01"]
[Round "6.5"]
[White "Lederle, Vitus"]
[Black "Ager, Josef"]
[Result "1/2-1/2"]
[WhiteElo "2066"]
[BlackElo "2196"]
[PlyCount "75"]
[EventDate "2009.03.??"]
[EventType "team-tourn"]
[EventRounds "9"]
[WhiteTeam "Dillingen 1"]
[BlackTeam "Rottal 1"]

1. e4 e5 2. Nf3 Nc6 3. d4 exd4 4. Nxd4 Nf6 5. Nxc6 bxc6 6. e5 Qe7 7. Qe2 Nd5 8.
c4 Ba6 9. g3 g6 10. b3 Bg7 11. Bb2 O-O 12. Bg2 Rae8 13. O-O Bxe5 14. Qxe5 Qxe5
15. Bxe5 Rxe5 16. cxd5 Bxf1 17. Kxf1 cxd5 18. f4 Re3 19. Bxd5 Rfe8 20. Nd2 Rd3
21. Ne4 Kg7 22. Bc4 Rd4 23. Ng5 Rd2 24. Nf3 Rb2 25. Kg1 c6 26. Ne5 d5 27. Bf1
Rc2 28. b4 f6 29. Nd3 Re3 30. a4 Rd2 31. Rc1 Rexd3 32. Bxd3 Rxd3 33. Rxc6 Rd4
34. Rc7+ Kh6 35. Rb7 a5 36. bxa5 Rxa4 37. Rb5 d4 38. Rd5 1/2-1/2

[Event "Bayern-chTT (LL Sued)"]
[Site "Bayern 2008/09"]
[Date "2009.02.01"]
[Round "6.6"]
[White "Schwarzmeier, Klaus"]
[Black "Nuber, Blasius"]
[Result "0-1"]
[WhiteElo "2149"]
[BlackElo "2106"]
[PlyCount "134"]
[EventDate "2009.03.??"]
[EventType "team-tourn"]
[EventRounds "9"]
[WhiteTeam "Rottal 1"]
[BlackTeam "Dillingen 1"]

1. c4 c6 2. Nf3 d5 3. b3 Nf6 4. g3 Nbd7 5. Bb2 g6 6. cxd5 cxd5 7. Bg2 Bg7 8.
O-O O-O 9. d3 Re8 10. Nbd2 b6 11. Rc1 e5 12. Qc2 Ba6 13. b4 Bf8 14. Qa4 Bb7 15.
Qb3 e4 16. Nd4 Qe7 17. Rc7 Rab8 18. a3 e3 19. N2f3 exf2+ 20. Kh1 Qd8 21. Rc2
Ng4 22. Bc1 Ndf6 23. Bh3 h6 24. Bxg4 Nxg4 25. h3 Ne3 26. Bxe3 Rxe3 27. Rxf2 Bd6
28. Kg2 Qd7 29. Qb1 Bc8 30. Qh1 a5 31. Rf1 axb4 32. axb4 Bb7 33. Rb1 Rbe8 34.
Rbb2 Qe7 35. Qe1 Be5 36. Qf2 Bg7 37. Rb1 Bc8 38. Rbc1 Bd7 39. Rc7 Qd6 40. R1c2
R8e7 41. Kh2 h5 42. h4 Bf6 43. Kg1 Bxd4 44. Nxd4 Rxg3+ 45. Kh1 Rg4 46. b5 Rf4
47. Nf3 Bg4 48. R2c6 Bxf3+ 49. exf3 Qb4 50. Rxe7 Rxh4+ 51. Kg2 Qxe7 52. Rxb6
Qg5+ 53. Qg3 Qd2+ 54. Kg1 Qe3+ 55. Kg2 Qe2+ 56. Kg1 Qe3+ 57. Kg2 Qxb6 58. Qxh4
Qxb5 59. Qd4 Qd7 60. Kg3 Qf5 61. Qe3 g5 62. Qe2 Qf4+ 63. Kh3 h4 64. Kg2 Qg3+
65. Kh1 h3 66. f4 Qxf4 67. d4 Qe4+ 0-1

[Event "Bayern-chTT (LL Sued)"]
[Site "Bayern 2008/09"]
[Date "2009.02.01"]
[Round "6.7"]
[White "Giss, Arthur"]
[Black "Walch, Ingo(73)"]
[Result "1/2-1/2"]
[WhiteElo "2006"]
[BlackElo "1974"]
[PlyCount "79"]
[EventDate "2009.03.??"]
[EventType "team-tourn"]
[EventRounds "9"]
[WhiteTeam "Dillingen 1"]
[BlackTeam "Rottal 1"]

1. e4 c5 2. Nc3 a6 3. g3 b5 4. Bg2 Bb7 5. d3 e6 6. f4 Nf6 7. Nf3 d5 8. e5 Nfd7
9. O-O Be7 10. Ne2 Nc6 11. c3 Qc7 12. d4 O-O 13. Bh3 b4 14. f5 exf5 15. Nf4
bxc3 16. Nxd5 cxb2 17. Bxb2 Qd8 18. Bxf5 Nxd4 19. Nxe7+ Qxe7 20. Nxd4 cxd4 21.
Qxd4 Rfd8 22. Rac1 Nf8 23. Qc3 Ne6 24. Ba3 Qd7 25. Bd6 Rac8 26. Qd3 g6 27. Bh3
Rc6 28. Qb3 Rxc1 29. Rxc1 Rc8 30. Rc2 Be4 31. Rc3 Rxc3 32. Qxc3 Qa7+ 33. Kf1
Qb7 34. Bxe6 fxe6 35. Kf2 Qf7+ 36. Kg1 Bd5 37. a3 Qb7 38. Qb4 Qa7+ 39. Qc5 Qb7
40. Qb4 1/2-1/2

[Event "Bayern-chTT (LL Sued)"]
[Site "Bayern 2008/09"]
[Date "2009.02.01"]
[Round "6.8"]
[White "Hackbarth, Wolfgang"]
[Black "Nuber, Helene"]
[Result "1-0"]
[WhiteElo "2119"]
[BlackElo "2030"]
[PlyCount "47"]
[EventDate "2009.03.??"]
[EventType "team-tourn"]
[EventRounds "9"]
[WhiteTeam "Rottal 1"]
[BlackTeam "Dillingen 1"]

1. c4 e6 2. d4 Nf6 3. Nf3 c5 4. Nc3 cxd4 5. Nxd4 d5 6. Bg5 Bc5 7. cxd5 Qb6 8.
Bxf6 gxf6 9. e3 Qxb2 10. Bb5+ Kf8 11. Nde2 Qb4 12. Qa4 e5 13. O-O f5 14. Rfd1
a6 15. Rac1 Kg7 16. Ng3 Kg6 17. Be2 Bd7 18. Qc2 Rc8 19. Rb1 Qa5 20. Rxb7 e4 21.
Ncxe4 Bxe3 22. Bh5+ Kh6 23. Qb2 Qd8 24. Nd6 1-0

[Event "Bayern-chTT (LL Sued)"]
[Site "Bayern 2008/09"]
[Date "2009.03.01"]
[Round "7.1"]
[White "Straub, Juergen Dr"]
[Black "Safyanowsky, Mark"]
[Result "0-1"]
[WhiteElo "2187"]
[BlackElo "2214"]
[PlyCount "86"]
[EventDate "2009.03.??"]
[EventType "team-tourn"]
[EventRounds "9"]
[WhiteTeam "Ingolstadt 1"]
[BlackTeam "Dillingen 1"]

1. c4 g6 2. Nf3 Bg7 3. Nc3 c5 4. d4 cxd4 5. Nxd4 Nc6 6. e3 Nf6 7. Be2 O-O 8.
O-O Nxd4 9. Qxd4 d6 10. Bd2 Be6 11. e4 Ng4 12. Qd3 Ne5 13. Qg3 Nxc4 14. Bxc4
Bxc4 15. Rfd1 Rc8 16. b3 Be6 17. Rac1 Qd7 18. Qe3 b6 19. Qd3 Rc6 20. Nd5 Rfc8
21. Kf1 Rxc1 22. Rxc1 Rxc1+ 23. Bxc1 f5 24. Bg5 fxe4 25. Qc4 Kf7 26. Qc7 Qxc7
27. Nxc7 Bd7 28. Nd5 e6 29. Ne3 Bc3 30. Ke2 Bb5+ 31. Kd1 Bd3 32. Bd8 e5 33. Bc7
Ke6 34. Bb8 a6 35. Ba7 b5 36. Kc1 Bd4 37. Bxd4 exd4 38. Nd1 Bf1 39. g3 Be2 40.
Nb2 Kf5 41. Kd2 Bf3 42. h4 Kg4 43. a4 Kh3 0-1

[Event "Bayern-chTT (LL Sued)"]
[Site "Bayern 2008/09"]
[Date "2009.03.01"]
[Round "7.3"]
[White "Gerstner, Bernhard"]
[Black "Billing, Christian"]
[Result "1/2-1/2"]
[WhiteElo "2136"]
[BlackElo "2170"]
[PlyCount "36"]
[EventDate "2009.03.??"]
[EventType "team-tourn"]
[EventRounds "9"]
[WhiteTeam "Ingolstadt 1"]
[BlackTeam "Dillingen 1"]

1. e4 e5 2. Nf3 d6 3. d4 exd4 4. Nxd4 Nc6 5. Nc3 Be7 6. g3 Bf6 7. Be3 Nge7 8.
Bg2 O-O 9. O-O Ne5 10. h3 Nc4 11. Bc1 c6 12. Qd3 Ne5 13. Qd1 Qb6 14. Nde2 Rd8
15. Rb1 Nc4 16. Qd3 Ne5 17. Qd1 Nc4 18. Qd3 Ne5 1/2-1/2

[Event "Bayern-chTT (LL Sued)"]
[Site "Bayern 2008/09"]
[Date "2009.03.01"]
[Round "7.4"]
[White "Baeuml, Ulrich"]
[Black "Wurzel, Andre"]
[Result "0-1"]
[WhiteElo "2049"]
[BlackElo "2211"]
[PlyCount "50"]
[EventDate "2009.03.??"]
[EventType "team-tourn"]
[EventRounds "9"]
[WhiteTeam "Dillingen 1"]
[BlackTeam "Ingolstadt 1"]

1. Nf3 c5 2. c4 Nc6 3. Nc3 e5 4. g3 g6 5. Bg2 Bg7 6. O-O Nge7 7. d3 O-O 8. Rb1
d6 9. a3 a5 10. Bd2 Rb8 11. Nb5 d5 12. cxd5 Nxd5 13. Qc2 b6 14. Nc3 Nde7 15.
Rfc1 Bg4 16. Nb5 Qd7 17. b4 axb4 18. axb4 Nxb4 19. Bxb4 cxb4 20. Rxb4 Rfc8 21.
Qb1 Rxc1+ 22. Qxc1 Rc8 23. Qg5 Be6 24. h4 Rc5 25. Na3 e4 0-1

[Event "Bayern-chTT (LL Sued)"]
[Site "Bayern 2008/09"]
[Date "2009.03.01"]
[Round "7.5"]
[White "Holl, Andreas(57)"]
[Black "Lederle, Vitus"]
[Result "0-1"]
[WhiteElo "2147"]
[BlackElo "2066"]
[PlyCount "52"]
[EventDate "2009.03.??"]
[EventType "team-tourn"]
[EventRounds "9"]
[WhiteTeam "Ingolstadt 1"]
[BlackTeam "Dillingen 1"]

1. d4 Nf6 2. Nf3 e6 3. c4 d5 4. Nc3 Be7 5. e3 c6 6. Bd3 a6 7. O-O b5 8. b3 Nbd7
9. Qe2 O-O 10. Bb2 Bb7 11. Rfd1 Bd6 12. e4 b4 13. Na4 dxe4 14. Bxe4 Nxe4 15.
Qxe4 Qe7 16. c5 Bc7 17. d5 cxd5 18. Qxb4 Bc6 19. Qc3 e5 20. Nb6 d4 21. Rxd4
exd4 22. Nxd4 Qxc5 23. Qxc5 Nxc5 24. Nxa8 Bxa8 25. Ba3 Bb6 26. Rc1 Nd3 0-1

[Event "Bayern-chTT (LL Sued)"]
[Site "Bayern 2008/09"]
[Date "2009.03.01"]
[Round "7.6"]
[White "Nuber, Blasius"]
[Black "Spiess, Martin"]
[Result "1/2-1/2"]
[WhiteElo "2094"]
[BlackElo "2103"]
[PlyCount "73"]
[EventDate "2009.03.??"]
[EventType "team-tourn"]
[EventRounds "9"]
[WhiteTeam "Dillingen 1"]
[BlackTeam "Ingolstadt 1"]

1. e4 c5 2. c3 Nf6 3. e5 Nd5 4. d4 cxd4 5. cxd4 Nc6 6. Nf3 d6 7. Bc4 Nb6 8. Bb5
d5 9. Nc3 Bg4 10. Bg5 Qd7 11. Rc1 Rc8 12. h3 Bh5 13. O-O e6 14. Na4 Nxa4 15.
Bxa4 a6 16. g4 Bg6 17. Nh4 b5 18. Bb3 Be7 19. Nxg6 hxg6 20. Bxe7 Qxe7 21. Qd3
O-O 22. a3 Qg5 23. f4 Qh4 24. Kg2 Na5 25. Ba2 Rxc1 26. Rxc1 Nc4 27. b4 Rc8 28.
Bb1 Rc6 29. Rf1 Nb6 30. Bc2 Nc4 31. Bb1 Nb2 32. Qd2 Na4 33. Rc1 Rxc1 34. Qxc1
Nb6 35. Qc6 Qe1 36. Qxb6 Qxb1 37. Qd8+ 1/2-1/2

[Event "Bayern-chTT (LL Sued)"]
[Site "Bayern 2008/09"]
[Date "2009.03.01"]
[Round "7.7"]
[White "Sailer, Wolfgang"]
[Black "Giss, Arthur"]
[Result "1-0"]
[WhiteElo "2051"]
[BlackElo "2011"]
[PlyCount "73"]
[EventDate "2009.03.??"]
[EventType "team-tourn"]
[EventRounds "9"]
[WhiteTeam "Ingolstadt 1"]
[BlackTeam "Dillingen 1"]

1. d4 Nf6 2. c4 e6 3. g3 Bb4+ 4. Bd2 Be7 5. Bg2 O-O 6. Nf3 d5 7. O-O c6 8. Qc2
Nbd7 9. Bf4 b6 10. Nbd2 Bb7 11. e4 Nxe4 12. Nxe4 dxe4 13. Qxe4 Nf6 14. Qe2 Rc8
15. Rfd1 Qe8 16. Ne5 Ba8 17. a3 Kh8 18. Rac1 Nd7 19. c5 b5 20. Nxd7 Qxd7 21.
Be4 Rfd8 22. Qh5 g6 23. Be5+ Kg8 24. Qf3 Bb7 25. h4 f5 26. Bb1 Qd5 27. Qe2 Bf8
28. b4 Re8 29. Rc3 Qd7 30. Ba2 Ra8 31. Re3 Bc8 32. g4 Qf7 33. Rg3 a5 34. bxa5
Rxa5 35. gxf5 Qxf5 36. Bb1 Qf7 37. h5 1-0

[Event "Bayern-chTT (LL Sued)"]
[Site "Bayern 2008/09"]
[Date "2009.03.01"]
[Round "7.8"]
[White "Nuber, Helene"]
[Black "Duraku, Emin"]
[Result "1/2-1/2"]
[WhiteElo "2034"]
[BlackElo "1958"]
[PlyCount "83"]
[EventDate "2009.03.??"]
[EventType "team-tourn"]
[EventRounds "9"]
[WhiteTeam "Dillingen 1"]
[BlackTeam "Ingolstadt 1"]

1. e4 c5 2. d3 g6 3. g3 Bg7 4. Bg2 Nc6 5. c3 e6 6. f4 Nge7 7. Nf3 O-O 8. O-O b6
9. Na3 d5 10. e5 f6 11. d4 fxe5 12. fxe5 Ba6 13. Re1 cxd4 14. cxd4 b5 15. Ng5
Qd7 16. Nc2 Nf5 17. Qg4 Rac8 18. Qd1 Rc7 19. g4 Nh4 20. Bh1 h6 21. Nh3 g5 22.
Be3 Qf7 23. Qe2 Qg6 24. Rac1 Rcf7 25. a4 Na5 26. Nb4 Nf3+ 27. Bxf3 Rxf3 28. Nf2
Bb7 29. Qxb5 Qf7 30. Qe2 Nc4 31. Nd1 Nxe3 32. Nxe3 Rf2 33. Qd1 Qf4 34. Ng2 Qf7
35. Rf1 Rxf1+ 36. Qxf1 Qe7 37. Qe1 a5 38. Nd3 Ba6 39. Qd2 Qf7 40. Nf2 Bc4 41.
Rc3 Rb8 42. Ne3 1/2-1/2